Sota l'escorça : Selecció de textos (1931-1940) / Selecció de textos (1931-1940) /
ISBN:
9788412598292
Descripción Física:
283 pàgines ; 19 cm
Colección:
Escriptors del Berguedà
; 4
Idioma:
Catalán
MARC
| LEADER | 00000nam a22000007a 4500 | ||
|---|---|---|---|
| 001 | 28579 | ||
| 003 | AGDB | ||
| 005 | 20260324181526.0 | ||
| 008 | 240902b spa||||| |||| 00| 0 cat d | ||
| 017 | |a B 21062-2023 | ||
| 020 | |a 9788412598292 | ||
| 040 | |a agdb |b cat | ||
| 100 | 1 | |a Vinyes, Ramon, |d 1882-1952 |9 71571 | |
| 245 | |a Sota l'escorça : |b Selecció de textos (1931-1940) / |c Ramon Vinyes ; Pròleg d'Abel Rubió ; Introducció i selecció de Jordi Lladó ; Edició a cura de Jaume Huch i Jordi Lladó | ||
| 250 | |a Primera edició: |b desembre de 2023 | ||
| 260 | |a Berga : |b Edicions de L'Albí ; |c 2023 | ||
| 300 | |a 283 pàgines ; |c 19 cm | ||
| 490 | |a Escriptors del Berguedà ; |v 4 | ||
| 600 | 0 | |a Vinyes, Ramon, |d 1882-1952 |v Recull d'escrits |9 71572 | |
| 700 | 1 | |a Rubió i Serrat, Abel |9 71570 |e pròleg | |
| 700 | 1 | |a Lladó i Vilaseca, Jordi |4 introducció, selecció i edició |9 71569 | |
| 700 | 1 | |a Huch, Jaume, |d 1961- |9 71573 |e edició | |
| 942 | |2 udc |c ARXIU |n 1 | ||
| 952 | |0 0 |1 0 |4 0 |6 BIB1199 |7 1 |9 97380 |a Arxiu |b Arxiu |d 2024-09-02 |l 0 |o Bib-1199 |p 28579 |r 2024-09-02 00:00:00 |w 2024-09-02 |y ARXIU | ||
| 999 | |c 129230 |d 129230 | ||